Macroeconomics : (Record no. 1932)

MARC details
000 -LEADER
fixed length control field 01962cam a2200217 a 4500
020 ## - INTERNATIONAL STANDARD BOOK NUMBER
ISBN 9780132438353
020 ## - INTERNATIONAL STANDARD BOOK NUMBER
ISBN 0132438356
020 ## - INTERNATIONAL STANDARD BOOK NUMBER
ISBN 9780137129713
020 ## - INTERNATIONAL STANDARD BOOK NUMBER
ISBN 0137129718
050 00 - CALL NUMBER
Classification number HB172.5
Item number .F76
100 1# - AUTHOR
Personal name Froyen, Richard T.
245 10 - TITLE
Title Macroeconomics :
Remainder of title theories and policies /
Statement of responsibility, etc Richard T. Froyen.
250 ## - EDITION
Edition statement 9th ed.
260 ## - PUBLICATION INFORMATION
Place of publication Upper Saddle River, N.J. :
Name of publisher Pearson Prentice Hall,
Year of publication 2009.
300 ## - DESCRIPTION
Number of Pages xxii, 454 p. :
Other physical details ill. ;
Dimensions 25 cm.
500 ## - NOTES
General note Includes Index
505 ## - FORMATTED CONTENTS NOTE
Table of Content Part I: INTRODUCTION AND MEASUREMENT<br/>Chapter 1: Introduction<br/>Chapter 2: Measurement of Macroeconomic Variables<br/><br/><br/><br/>Part II: CLASSICAL ECONOMICS AND THE KEYNESIAN REVOLUTION<br/>Chapter 3: Classical Macroeconomics (I): Equilibrium Output and Employment<br/>Chapter 4: Classical Macroeconomics (II): Money, Prices, and Interest<br/>Chapter 5: The Keynesian System (I): The Role of Aggregate Demand<br/>Chapter 6: The Keynesian System (II): Money, Interest, and Income<br/>Chapter 7: The Keynesian System (III): Policy Effects in the IS-LM Model<br/>Chapter 8: The Keynesian System (IV): Aggregate Supply and Demand<br/><br/>Part III. MACROECONOMIC THEORY AFTER KEYNES<br/>Chapter 9: The Monetarist Counterrevolution<br/>Chapter 10: Output, Inflation, and Unemployment: Alternative Views<br/>Chapter 11: New Classical Economics<br/>Chapter 12: Real Business Cycles and New Keynesian Economics<br/>Chapter 13: Macroeconomic Models: A Summary<br/><br/>Part IV: OPEN ECONOMY MACROECONOMICS<br/>Chapter 14: Exchange Rates and the International Monetary System<br/>Chapter 15: Monetary and Fiscal Policy in the Open Economy<br/><br/>Part V: ECONOMIC POLICY<br/>Chapter 16: Money, the Banking System and Interest Rates<br/>Chapter 17: Optimal Monetary Policy<br/>Chapter 18: Fiscal Policy<br/><br/>Part VI. ECONOMIC GROWTH<br/>Chapter 19: Policies for Intermediate-Run Growth<br/>Chapter 20: Long-Run Economic Growth: Origins of the Wealth of Nations
650 #0 - SUBJECTS
Topical Term Macroeconomics.
650 #0 - SUBJECTS
Topical Term Keynesian economics.
942 ## - ADDED ENTRY ELEMENTS (KOHA)
Koha item type Books
Holdings
Withdrawn status Lost status Home library Current library Shelving location Date acquired Full call number Accession Number Copy number Koha item type
    Methodist University Library Tema Methodist University Library Tema General Stacks 10/04/2012 HB172.5 .F76 35187 1 Books
    Methodist University Library Tema Methodist University Library Tema General Stacks 10/04/2012 HB172.5 .F76 35188 2 Books
Copyright © 2026  MUG Library